| 000 | 00806nac a22002657a 4500 | ||
|---|---|---|---|
| 001 | BR8106231 | ||
| 003 | BR-BrBNA | ||
| 005 | 20240105115106.0 | ||
| 008 | 230509b bl.|||m| |||| 00| 0 por d | ||
| 040 |
_aBR-BrBNA _bpor _cBiblioteca Nacional de Agricultura |
||
| 072 | _aP10 | ||
| 090 | _aP10 BR8106231 | ||
| 110 | 1 | _aBanco do Nordeste do Brasil S.A., Fortaleza, CE | |
| 245 | 1 | _aEstudos hidrologicos do nordeste [Brasil] | |
| 260 | 3 |
_aFortaleza, CE (Brasil): _c1981. |
|
| 300 | _a128 p. | ||
| 490 |
_aMonografia - Banco do Nordeste do Brasil S.A. (Brazil) _vv. 3 _x |
||
| 650 | _aHIDROLOGIA | ||
| 650 | _aAGUAS SUBTERRANEAS | ||
| 650 | _aQUIMICA DA AGUA | ||
| 650 | _aHIDROGEOLOGIA | ||
| 650 | _aREGIAO NORDESTE | ||
| 909 |
_a202312 _bLúcia Elande _c55 _dLúcia Elande |
||
| 942 |
_2AGRIS _n0 _cMS |
||
| 999 |
_c273000 _d273000 |
||